000
00343 a2200169 4500
001
186886
020
_a
85-16-01431-2
040
_c
Magnum
100
_a
Muniz, Flávia
240
1
0
_a
João e Maria
_l
por
245
1
0
_a
João e Maria
300
_a
46
362
0
_a
1996
440
1
_a
Moderna
697
_a
LITERATURA INFANTO
942
_c
BK
999
_c
186886
_d
186886